Normal view
MARC view
Entry Chronological Term
001 - CONTROL NUMBER
- control field: 123903
003 - CONTROL NUMBER IDENTIFIER
- control field: NUST
005 - DATE AND TIME OF LATEST TRANSACTION
- control field: 20240628140112.0
008 - FIXED-LENGTH DATA ELEMENTS
- fixed length control field: 240628|| aca||aabn | a|a d
040 ## - CATALOGING SOURCE
- Original cataloging agency: NUST
- Transcribing agency: NUST
148 ## - HEADING--CHRONOLOGICAL TERM
- General subdivision: PhD-Virology and Immunology
670 ## - SOURCE DATA FOUND
- Source citation: Work cat.: (NUST)330447: Munazza Fatima 3272, Hemagglutinin based vaccinal and therapeutic approaches against influenza viruses /, 2016.
